000 00518nam a2200181Ia 4500
005 20250508152842.0
008 008 250505s9999 xx 000 0 eng d
037 _aTextual
040 _aFEDL
_beng
_cFEDL
041 _aeng
_2eng
084 _a370.193, JON
_qFEDL
100 _aJones James J.
_9762572
245 0 _aSchool public relations issues and cases
260 _aNew York, USA
_bG P Putnam's Sons
_c1960
300 _axii,195p.
942 _cTEXL
_h370.193, JON
999 _c1339196
_d1339196